000 00340nam a2200145Ia 4500
100 _aSpalding/D.B/ Cole/E.H
942 _cBK
654 _athermodynamics
245 _aEngineering thermodynamics
260 _bEnglish language book society
_aLondon
_c1985
082 _a621.4021
_bSPA
300 _a445
546 _aENGLISH
999 _c29794
_d29794